[Event "Titled Tue 20th May Early"]
[Site "chess.com INT"]
[Date "2025.05.20"]
[Round "5"]
[White "Khodashenas, Mersad"]
[Black "Mitrabha, Guha"]
[Result "1/2-1/2"]
[WhiteTitle "IM"]
[BlackTitle "GM"]
[WhiteElo "2471"]
[BlackElo "2515"]
[WhiteFideId "12514195"]
[BlackFideId "5057000"]
[EventDate "2025.05.20"]

1. e4 e6 2. d4 d5 3. Nc3 Bb4 4. e5 b6 5. Qg4 Bf8 6. a4 Ba6 7. Nge2 Nc6 8. Be3
Nb4 9. Rc1 Ne7 10. Nb5 Nf5 11. Ng3 Nxe3 12. fxe3 c6 13. Nd6+ Bxd6 14. Qxg7 Rf8
15. Bxa6 Nxa6 16. exd6 Qxd6 17. O-O f5 18. Qb7 Nc7 19. c4 Kd7 20. cxd5 Qxd5 21.
e4 fxe4 22. Kh1 e3 23. Ne2 c5 24. Qxd5+ Nxd5 25. Kg1 Kd6 26. dxc5+ bxc5 27. Rfd1
Rab8 28. Nc3 Rxb2 29. Ne4+ Ke5 30. Nxc5 Rd2 31. Nd7+ Ke4 32. Nxf8 Nf4 33. Re1
Rxg2+ 34. Kh1 Ra2 35. Rc4+ Kf3 36. Rxf4+ Kxf4 37. Nxe6+ Kf3 38. Nd4+ Kf2 39. Rg1
e2 40. Rg2+ Ke3 41. Nxe2 Rxe2 42. Rxe2+ Kxe2 43. Kg2 Kd3 44. Kf3 Kc4 45. Ke4 Kb4
46. Kd4 Kxa4 47. Kc4 h5 48. h4 a6 49. Kc5 Ka5 50. Kc4 Kb6 51. Kb4 Kc6 52. Ka5
Kb7 53. Ka4 Kb6 54. Kb4 a5+ 55. Ka4 Ka6 56. Ka3 Kb5 57. Kb3 Kc5 58. Ka4 Kb6 59.
Ka3 Kc5 60. Ka4 Kb6 61. Ka3 Kb5 62. Kb3 a4+ 63. Ka3 Ka5 64. Ka2 Kb4 65. Kb2 Kc4
66. Ka3 Kd4 67. Kxa4 Ke4 68. Kb4 Kf4 69. Kc4 Kg4 70. Kd3 Kxh4 71. Ke2 Kh3 72.
Kf1 Kh2 73. Kf2 h4 74. Kf1 h3 75. Kf2 Kh1 76. Kf1 h2 77. Kf2 1/2-1/2

[Event "Titled Tue 20th May Early"]
[Site "chess.com INT"]
[Date "2025.05.20"]
[Round "5"]
[White "Svetlov, Dmitry"]
[Black "Fiskaaen, Martin Holten"]
[Result "0-1"]
[WhiteTitle "IM"]
[BlackTitle "FM"]
[WhiteElo "2335"]
[BlackElo "2292"]
[WhiteFideId "24102610"]
[BlackFideId "1550233"]
[EventDate "2025.05.20"]

1. d4 Nf6 2. c4 e6 3. Nc3 Bb4 4. f3 c5 5. a3 Bxc3+ 6. bxc3 b6 7. e4 Nc6 8. d5
Na5 9. Bg5 d6 10. Bd3 h6 11. Bh4 Ba6 12. Qe2 O-O 13. Nh3 g5 14. Nxg5 Nd7 15. f4
hxg5 16. Qg4 Qf6 17. O-O Qg7 18. Bxg5 Bxc4 19. Bxc4 Nxc4 20. Rf3 Nf6 21. Qh4
Nxe4 22. Bh6 Qg6 23. Re1 Ncd2 24. Rh3 Qf6 25. Bg5 Qg7 26. Bh6 Qf6 27. Bg5 Qg7
28. Bh6 Qh8 29. Bxf8 Qxh4 30. Rxh4 Rxf8 31. Rg4+ Kh7 32. dxe6 fxe6 33. Re3 Rf6
34. Rh3+ Rh6 35. Rxh6+ Kxh6 36. Rh4+ Kg6 37. Rh8 Kf6 38. Rf8+ Kg6 39. Ra8 Nxc3
40. Rxa7 Nb5 41. Rd7 Kf6 42. a4 Nc3 43. Rxd6 Nde4 44. Rxb6 Nxa4 45. Rb5 Nac3 46.
Ra5 Ne2+ 47. Kf1 Nxf4 48. g3 Nd5 49. Ke2 c4 50. Ra1 Nec3+ 51. Kd2 Ke5 52. Rc1
Kd4 0-1

[Event "Titled Tue 20th May Early"]
[Site "chess.com INT"]
[Date "2025.05.20"]
[Round "5"]
[White "Sanhueza, Cristian"]
[Black "Katishonok, Nikolaj"]
[Result "1-0"]
[WhiteTitle "FM"]
[BlackTitle "FM"]
[WhiteElo "2182"]
[BlackElo "2004"]
[WhiteFideId "116815"]
[BlackFideId "11600225"]
[EventDate "2025.05.20"]

1. e4 e6 2. d4 d5 3. Bd3 c5 4. exd5 Qxd5 5. Nc3 Qxd4 6. Nf3 Qd8 7. O-O Nf6 8.
Ne5 Be7 9. Bg5 O-O 10. Qf3 Nbd7 11. Nxd7 Qxd7 12. Rad1 Qc6 13. Qh3 g6 14. Qh4 e5
15. Bb5 Qe6 16. Bc4 Qg4 17. Bxf6 Qxh4 18. Bxh4 Bxh4 19. Rfe1 Bf5 20. Rxe5 Bxc2
21. Rd7 Rad8 22. Rxb7 Bf6 23. Re1 Rb8 24. Bxf7+ Kg7 25. Bd5+ Rxb7 26. Bxb7 Rb8
27. Bc6 Rxb2 28. a4 Bxc3 29. Re7+ Kh6 30. h4 a5 31. g4 g5 32. Re6+ Kg7 33. hxg5
Rb4 34. f3 Bxa4 35. Be4 Rd4 36. Re7+ Kf8 37. Rxh7 Bb5 38. Ra7 a4 39. g6 Rd6 40.
g7+ Bxg7 41. Kg2 Bb2 42. f4 a3 43. g5 Rd4 44. Kf3 Be2+ 45. Ke3 Bc1+ 46. Kxe2
Rxe4+ 47. Kd3 Rxf4 48. g6 Rg4 49. Rb7 c4+ 50. Kc2 a2 51. Ra7 1-0

[Event "Titled Tue 20th May Early"]
[Site "chess.com INT"]
[Date "2025.05.20"]
[Round "5"]
[White "Karpenko, Anton"]
[Black "Srihari, L R"]
[Result "0-1"]
[WhiteTitle "CM"]
[BlackTitle "IM"]
[WhiteElo "2218"]
[BlackElo "2468"]
[WhiteFideId "34374353"]
[BlackFideId "46617116"]
[EventDate "2025.05.20"]

1. e4 g6 2. d4 Bg7 3. Nf3 d6 4. Be2 Nf6 5. Nc3 O-O 6. O-O Nbd7 7. h3 e5 8. a4
exd4 9. Nxd4 Re8 10. Bf3 a5 11. Re1 Nc5 12. Bf4 Nfd7 13. g3 Ne5 14. Bg2 Bd7 15.
b3 Qc8 16. Kh2 Ned3 17. cxd3 Bxd4 18. Nd5 Qd8 19. Ra2 c6 20. Ne3 Be6 21. Nc4 b5
22. axb5 cxb5 23. Nxd6 Bxb3 24. Qe2 b4 25. e5 Ra6 26. Bg5 Qxg5 27. Nxe8 Qe7 28.
Nf6+ Kg7 29. Rb2 Bxb2 30. Qxb2 Nxd3 31. Qxb3 Nxe1 32. Qe3 Nxg2 33. Kxg2 Rxf6 34.
exf6+ Qxf6 35. Qc5 b3 36. Qxa5 Qc6+ 37. Kh2 b2 38. Qe5+ Qf6 39. Qb5 Qxf2+ 40.
Kh1 Qe1+ 41. Kg2 Qd2+ 42. Kf3 Qc3+ 43. Ke2 Qc2+ 44. Ke3 Qc1+ 45. Kf3 Qc3+ 46.
Ke2 Qc2+ 47. Ke3 h5 48. Qe5+ Kh7 49. Qf6 Kg8 50. Qd8+ Kg7 51. Qd4+ Kh7 52. Qf6
Qb3+ 53. Kd2 b1=Q 0-1

[Event "Titled Tue 20th May Early"]
[Site "chess.com INT"]
[Date "2025.05.20"]
[Round "5"]
[White "Ismagilov, Damir"]
[Black "Lyutsinger, Iren"]
[Result "1-0"]
[WhiteTitle "CM"]
[BlackTitle "FM"]
[WhiteElo "2173"]
[BlackElo "2266"]
[WhiteFideId "34199982"]
[BlackFideId "34425969"]
[EventDate "2025.05.20"]

1. d4 Nf6 2. c4 e6 3. Nc3 Bb4 4. g3 O-O 5. Bg2 c5 6. dxc5 Na6 7. Bd2 Nxc5 8. Nh3
d5 9. cxd5 exd5 10. O-O d4 11. Na4 Bxd2 12. Nxc5 Ba5 13. Nxb7 Bxb7 14. Bxb7 Rb8
15. Bf3 Rxb2 16. Qd3 Rd2 17. Qa6 Bc3 18. Rad1 Rxd1 19. Rxd1 Qe7 20. Rb1 Qc5 21.
Nf4 Qf5 22. Rb7 Ne4 23. Rb5 Nc5 24. Qxa7 Rc8 25. Bb7 Qc2 26. Bxc8 Ne4 27. Qa8
Qc1+ 28. Kg2 g5 29. Qxe4 gxf4 30. Qe8+ Kg7 31. Rg5+ Kh6 32. Qe5 f3+ 33. Kxf3
Qxg5 34. Qxg5+ Kxg5 35. Ke4 f5+ 36. Bxf5 h5 37. f4+ Kf6 38. Bd7 Ke7 39. Bf5 Kf6
40. Bd7 Ke7 41. Bb5 Kf6 42. Be8 h4 43. gxh4 Be1 44. h5 Bf2 45. h6 Be3 46. h4 Bf2
47. h5 Be3 48. Bg6 Bc1 49. a4 Bd2 50. Kxd4 Bxf4 51. h7 Kg7 52. a5 1-0

[Event "Titled Tue 20th May Early"]
[Site "chess.com INT"]
[Date "2025.05.20"]
[Round "5"]
[White "Kononenko, Dmitry2"]
[Black "Bruhovich, Olexandr"]
[Result "1-0"]
[WhiteTitle "FM"]
[BlackTitle "CM"]
[WhiteElo "2205"]
[BlackElo "2208"]
[WhiteFideId "14113538"]
[BlackFideId "14119919"]
[EventDate "2025.05.20"]

1. e4 c5 2. Nf3 Nc6 3. d4 cxd4 4. Nxd4 g6 5. Nc3 Bg7 6. Be3 Nf6 7. Bc4 d6 8. f3
O-O 9. Bb3 Bd7 10. Qd2 Rc8 11. h4 h5 12. O-O-O Na5 13. Kb1 Nc4 14. Qd3 Nxe3 15.
Qxe3 Qb6 16. Qg5 Kh7 17. g4 Bh6 18. Nd5 Nxd5 19. Qxd5 e6 20. Nxe6 Bxe6 21. Qxd6
Qxd6 22. Rxd6 hxg4 23. Bxe6 fxe6 24. fxg4 Rf4 25. g5 Bg7 26. Rxe6 Rf2 27. c3 Rd8
28. Re7 b6 29. Rxa7 Rdd2 30. b3 Rb2+ 31. Ka1 Rbc2 32. Kb1 Rxc3 33. Rd1 Rcc2 34.
Rdd7 Rb2+ 35. Kc1 Rbc2+ 36. Kd1 Rb2 37. Rxg7+ Kh8 38. Kc1 Rbc2+ 39. Kb1 Rce2 40.
Rgc7 Re1+ 41. Rc1 Rxc1+ 42. Kxc1 Rf4 43. Rb7 Rxe4 44. Rxb6 Rxh4 45. Rxg6 Rg4 46.
a4 Kh7 47. Rb6 Rxg5 48. Kb2 Kg7 49. Re6 Kf7 50. Re3 Rg4 51. Ka3 Kf8 52. b4 Kf7
53. a5 Kf8 54. Ka4 Rg5 55. Re4 Kf7 56. b5 Kf8 57. a6 Kf7 58. Ka5 Kf8 59. a7 1-0

[Event "Titled Tue 20th May Early"]
[Site "chess.com INT"]
[Date "2025.05.20"]
[Round "5"]
[White "Rose, Felix"]
[Black "Nouali, Mohamed"]
[Result "0-1"]
[WhiteTitle "CM"]
[BlackTitle "FM"]
[WhiteElo "2093"]
[BlackElo "2157"]
[WhiteFideId "5105722"]
[BlackFideId "5502462"]
[EventDate "2025.05.20"]

1. e4 c5 2. Nf3 Nc6 3. d4 cxd4 4. Nxd4 g6 5. c4 Bg7 6. Be3 Nf6 7. Nc3 O-O 8. Be2
Nxd4 9. Bxd4 d6 10. f3 Be6 11. Rc1 Qa5 12. Qd2 Rfc8 13. b3 a6 14. Na4 Qxd2+ 15.
Kxd2 Nxe4+ 16. Ke3 Bxd4+ 17. Kxd4 Nf2 18. Rhf1 Nh3 19. gxh3 Bxh3 20. Rg1 Rd8 21.
Nb6 Rab8 22. Nd5 Kf8 23. Rg3 Bf5 24. Ne3 Bd7 25. f4 Bc6 26. Kc3 e6 27. h4 h5 28.
Rd1 b5 29. Nc2 a5 30. cxb5 Bxb5 31. Bxb5 Rxb5 32. Rgd3 d5 33. Kb2 a4 34. b4 Ke7
35. a3 Kf6 36. Nd4 Rb6 37. Rc1 Rd7 38. Rc8 Rbb7 39. Ra8 Ra7 40. Rxa7 Rxa7 41.
Nc6 Ra6 42. Ne5 Kf5 43. Nxf7 Kxf4 44. Rd1 Kg4 45. Rh1 d4 46. Ne5+ Kf5 47. Re1
Rd6 48. Nd3 Rd5 49. Rf1+ Kg4 50. Rf4+ Kg3 51. Re4 g5 52. hxg5 h4 53. Rxe6 h3 0-1

[Event "Titled Tue 20th May Early"]
[Site "chess.com INT"]
[Date "2025.05.20"]
[Round "5"]
[White "Spangenberg, Hugo"]
[Black "Harsh, Suresh"]
[Result "1-0"]
[WhiteTitle "GM"]
[BlackTitle "IM"]
[WhiteElo "2469"]
[BlackElo "2392"]
[WhiteFideId "101966"]
[BlackFideId "45018464"]
[EventDate "2025.05.20"]

1. e4 b6 2. d4 Bb7 3. Bd3 g6 4. c4 Bg7 5. Nf3 d6 6. Nc3 e6 7. Be3 h6 8. O-O Nd7
9. h3 a6 10. Rc1 Ngf6 11. Re1 O-O 12. Qd2 Kh7 13. Bb1 e5 14. Rcd1 exd4 15. Nxd4
Re8 16. Bf4 Nc5 17. f3 Nfd7 18. b3 Ne6 19. Nxe6 fxe6 20. Be3 Qf6 21. Rc1 Rf8 22.
f4 e5 23. f5 gxf5 24. exf5 Kh8 25. Nd5 Bxd5 26. cxd5 Rac8 27. Rc6 a5 28. a3 Nb8
29. Rc4 Nd7 30. Rg4 e4 31. Rf1 Ne5 32. Rxe4 Rce8 33. Kh1 Rg8 34. Bd4 Qg5 35.
Qxg5 hxg5 36. f6 Rgf8 37. fxg7+ Kxg7 38. Rxf8 Rxf8 39. Bxe5+ dxe5 40. Kh2 Rf1
41. Bd3 Rd1 42. Be2 Rb1 43. Bc4 Kf6 44. Re2 Rc1 45. Rf2+ Ke7 46. Rf5 Kd6 47.
Rxg5 a4 48. h4 e4 49. h5 Rc3 50. Rg3 e3 51. bxa4 Rxc4 52. Rxe3 Rxa4 53. h6 Ra8
54. g4 Kxd5 55. g5 Kd4 56. Re1 c5 57. h7 c4 58. g6 Kd3 59. g7 Kd2 60. Rg1 c3 61.
g8=Q Rxg8 62. hxg8=Q c2 63. Qg2+ Kc3 64. Rc1 Kc4 65. Qxc2+ Kb5 66. Qc4+ Ka5 67.
Rb1 b5 68. Qxb5# 1-0

[Event "Titled Tue 20th May Early"]
[Site "chess.com INT"]
[Date "2025.05.20"]
[Round "5"]
[White "Vafin, Ayrat"]
[Black "Skliarov, Viktor"]
[Result "1-0"]
[WhiteTitle "FM"]
[BlackTitle "IM"]
[WhiteElo "2302"]
[BlackElo "2334"]
[WhiteFideId "4146530"]
[BlackFideId "14106736"]
[EventDate "2025.05.20"]

1. Nf3 g6 2. g3 Bg7 3. d4 Nf6 4. Bg2 O-O 5. O-O c6 6. c4 d5 7. cxd5 cxd5 8. Ne5
Nfd7 9. Nf3 Nc6 10. Nc3 Nb6 11. b3 Bf5 12. Ba3 Qd7 13. Re1 Bh3 14. Bh1 Rfd8 15.
Bc5 e5 16. dxe5 d4 17. Nb5 Nxe5 18. Nxe5 Bxe5 19. a4 d3 20. exd3 Bxa1 21. Qxa1
Re8 22. Be3 Nd5 23. Bxa7 Rxe1+ 24. Qxe1 Re8 25. Qd2 Qe7 26. Be3 Nxe3 27. fxe3
Qxe3+ 28. Qxe3 Rxe3 29. Bxb7 Rxd3 30. b4 Rb3 31. a5 Rxb4 32. Nd6 Ra4 33. a6 h5
34. Kf2 Bd7 35. Ke3 Kf8 36. Ne4 Ke7 37. Nc5 Ra2 38. Kd4 Bb5 39. Kd5 Rxh2 40. Kd4
Ra2 41. Kc3 g5 42. Kb4 Bf1 43. Kb3 Ra1 44. Kc3 h4 45. Kb2 Ra5 46. Nb3 Rxa6 47.
Nd4 Rb6+ 48. Kc3 Rxb7 49. Nc6+ 1-0

[Event "Titled Tue 20th May Early"]
[Site "chess.com INT"]
[Date "2025.05.20"]
[Round "5"]
[White "Ugorek, Kacper"]
[Black "Sitnic, Adnan"]
[Result "1-0"]
[WhiteTitle "CM"]
[BlackTitle "CM"]
[WhiteElo "2262"]
[BlackElo "2105"]
[WhiteFideId "21890676"]
[BlackFideId "14403854"]
[EventDate "2025.05.20"]

1. f4 d5 2. b3 Nf6 3. Bb2 g6 4. Nf3 Bg7 5. g3 O-O 6. Bg2 c5 7. O-O Nc6 8. e3 Re8
9. Qe2 Qb6 10. d3 c4 11. Nbd2 cxd3 12. cxd3 Ng4 13. Bxg7 Nxe3 14. Bd4 Nxd4 15.
Qxe3 Nxf3+ 16. Rxf3 d4 17. Qe1 a5 18. Nc4 Qc7 19. Qe5 Qxe5 20. fxe5 a4 21. b4 b5
22. Rf4 Rb8 23. Na5 Bd7 24. Rxd4 Bf5 25. Be4 Rbd8 26. Rxd8 Rxd8 27. Bxf5 gxf5
28. Rd1 e6 29. d4 Kf8 30. Nb7 Rc8 31. Nc5 Rd8 32. Kf2 Ke7 33. Ke3 f6 34. exf6+
Kxf6 35. a3 Ke7 36. d5 exd5 37. Kd4 Kf6 38. Re1 Rd6 39. Re5 Kg5 40. Rxd5 Rh6 41.
h4+ Kg4 42. Nd3 Kxg3 43. Rxf5 Rxh4+ 44. Ke3 Rh3 45. Rxb5 Kg4+ 46. Kd4 h5 47. Ra5
h4 48. Nf2+ Kg3 49. Nxh3 Kxh3 50. Rxa4 Kg2 51. Ra8 h3 52. Rg8+ Kh1 53. b5 h2 54.
Rh8 Kg1 55. b6 h1=Q 56. Rxh1+ Kxh1 57. b7 Kg1 58. Kd3 Kf1 59. Ke3 Ke1 60. Kd3
Kd1 61. Kc3 Kc1 62. Kb3 Kb1 63. a4 Ka1 64. Ka3 Kb1 65. Kb3 Ka1 66. a5 Kb1 67.
Ka3 Ka1 68. Kb3 Kb1 69. a6 Ka1 70. a7 Kb1 71. a8=Q Kc1 72. Qd8 Kb1 73. Qd7 Kc1
74. Qd6 Kb1 75. Qd5 Kc1 76. Qd4 Kb1 77. Qb2# 1-0

[Event "Titled Tue 20th May Early"]
[Site "chess.com INT"]
[Date "2025.05.20"]
[Round "5"]
[White "Sarana, Alexey"]
[Black "Tari, Aryan"]
[Result "1-0"]
[WhiteTitle "GM"]
[BlackTitle "GM"]
[WhiteElo "2686"]
[BlackElo "2636"]
[WhiteFideId "24133795"]
[BlackFideId "1510045"]
[EventDate "2025.05.20"]

1. d4 d5 2. c4 e6 3. Nc3 c5 4. Nf3 cxd4 5. Nxd4 e5 6. Ndb5 d4 7. Nd5 Na6 8. e3
Nf6 9. Nxf6+ Qxf6 10. exd4 Bb4+ 11. Bd2 O-O 12. d5 Qg6 13. a3 Bxd2+ 14. Qxd2 Nc5
15. Qe3 b6 16. b4 Nb7 17. Bd3 Qxg2 18. O-O-O Qh3 19. Nc7 Rb8 20. Na6 Ra8 21. c5
Qxe3+ 22. fxe3 bxc5 23. bxc5 Bg4 24. c6 Nd6 25. Rdf1 e4 26. Rf4 f5 27. Bc2 g5
28. Rf2 Bf3 29. Rg1 g4 30. Kd2 Kf7 31. Kc3 h5 32. Kd4 Kf6 33. Kc5 Ke5 34. c7 h4
35. Nb4 Nb7+ 36. Kc6 Nd6 37. Kc5 Nb7+ 38. Kc6 Nd6 39. Ba4 a5 40. Na2 Ra6+ 41.
Kc5 Rc8 42. Bc6 Rxc7 43. Nc3 Rc8 44. Rb2 Nf7 45. Rb7 Ng5 46. Re7+ Kf6 47. Rb7 g3
48. hxg3 h3 49. Nb5 h2 50. Rc1 h1=Q 51. Rxh1 Bxh1 52. Nd6 Ne6+ 53. Kb5 Raxc6 54.
dxc6 Rc7 55. Ne8+ Ke5 56. Nxc7 1-0

[Event "Titled Tue 20th May Early"]
[Site "chess.com INT"]
[Date "2025.05.20"]
[Round "5"]
[White "Zhauynbay, Alimzhan"]
[Black "Malyshev, Vasilij"]
[Result "0-1"]
[WhiteTitle "CM"]
[BlackTitle "IM"]
[WhiteElo "2077"]
[BlackElo "2353"]
[WhiteFideId "13782657"]
[BlackFideId "4105346"]
[EventDate "2025.05.20"]

1. e4 e5 2. Nf3 Nf6 3. Nxe5 d6 4. Nf3 Nxe4 5. Nc3 Nf6 6. d4 Be7 7. Bd3 Bg4 8.
O-O c6 9. h3 Bh5 10. Re1 O-O 11. Bf4 Nbd7 12. Ne4 Nxe4 13. Bxe4 d5 14. Bd3 Re8
15. c3 Qb6 16. b4 Nf8 17. Be2 a5 18. a3 Ne6 19. Bg3 Nc7 20. Ne5 Bxe2 21. Qxe2
Nb5 22. a4 Nxc3 23. Qf3 axb4 24. Qxf7+ Kh8 25. Nd7 Qd8 26. Be5 Rg8 27. Re3 Qe8
28. Qf5 Qg6 29. Qf3 Rxa4 30. Rxa4 Nxa4 31. Qd1 Nc3 32. Qf1 Qf5 33. Rf3 Qxd7 34.
Qd3 Bd6 35. Bxd6 Qxd6 36. h4 Rf8 37. Rg3 Ne4 38. Re3 Nxf2 39. Qe2 Ne4 40. h5 h6
41. Rf3 Rxf3 42. Qxf3 Qf6 43. Qg4 Qxd4+ 44. Kh2 Qe5+ 45. Kg1 b3 46. Qc8+ Kh7 47.
Qxb7 b2 48. Qb3 Qd4+ 49. Kh2 Qd2 50. Qb8 Qc2 51. Qe5 Nf6 52. Qe1 b1=Q 53. Qxb1
Qxb1 54. g4 Qe4 55. g5 Qh4+ 56. Kg2 Qxg5+ 57. Kh1 Qxh5+ 58. Kg2 Qg4+ 59. Kh1 d4
60. Kh2 d3 61. Kh1 d2 62. Kh2 c5 63. Kh1 d1=Q+ 64. Kh2 Qdg1# 0-1

[Event "Titled Tue 20th May Early"]
[Site "chess.com INT"]
[Date "2025.05.20"]
[Round "5"]
[White "Do Carmo, Gabriel Carckeno"]
[Black "Diachek, Andrii"]
[Result "0-1"]
[BlackTitle "CM"]
[WhiteElo "2021"]
[BlackElo "2226"]
[WhiteFideId "22783024"]
[BlackFideId "34106499"]
[EventDate "2025.05.20"]

1. c4 e5 2. Nc3 Nc6 3. Nf3 Nf6 4. e4 Bb4 5. d3 d6 6. a3 Ba5 7. b4 Bb6 8. Na4 O-O
9. Be2 Bd7 10. O-O Nd4 11. Nxb6 Nxe2+ 12. Qxe2 axb6 13. h3 h6 14. Qc2 Qe7 15. a4
Ra7 16. Be3 Rfa8 17. a5 c5 18. bxc5 bxc5 19. Qc3 Qd8 20. Bd2 b5 21. axb6 Qxb6
22. Rfb1 Rxa1 23. Rxa1 Rxa1+ 24. Qxa1 Qb3 25. Ne1 Ba4 26. Qc3 Qb1 27. Kh2 Nd7
28. Qc1 Qa2 29. g3 Nb8 30. Be3 Nc6 31. Qd2 Qb3 32. f4 f6 33. f5 Nb4 34. Bxh6 Qb1
35. Bxg7 Kxg7 36. Nf3 Qc2 37. g4 Qxd2+ 38. Nxd2 Nxd3 39. Nb1 Bc2 40. Nc3 Bb3 41.
Nb5 Bxc4 42. Nxd6 Bb3 43. h4 c4 44. Nb5 Nb2 45. Nc3 Nd1 46. Nb1 c3 47. Na3 c2
48. Nxc2 Bxc2 49. g5 Bxe4 50. gxf6+ Kxf6 51. Kg3 Bxf5 52. h5 Nc3 53. Kf3 Bh7 54.
Ke3 Nd5+ 55. Kf3 e4+ 56. Kg4 Bf5+ 57. Kg3 e3 58. Kf3 Kg5 59. h6 Kxh6 60. Ke2 Kg5
61. Kf3 Bg4+ 62. Ke4 e2 63. Kxd5 e1=Q 0-1

[Event "Titled Tue 20th May Early"]
[Site "chess.com INT"]
[Date "2025.05.20"]
[Round "5"]
[White "Parfenov, Viktor N."]
[Black "Arakelyan, Manvel"]
[Result "1-0"]
[WhiteTitle "CM"]
[BlackTitle "FM"]
[WhiteElo "2193"]
[BlackElo "2326"]
[WhiteFideId "4165969"]
[BlackFideId "13317415"]
[EventDate "2025.05.20"]

1. d4 d5 2. c4 e6 3. Nf3 Nf6 4. g3 Bb4+ 5. Nc3 O-O 6. Bg2 c6 7. O-O Be7 8. Qd3
b6 9. b3 Bb7 10. e4 dxe4 11. Nxe4 Nbd7 12. Bb2 Qc8 13. Rad1 Nxe4 14. Qxe4 Bf6
15. Ne5 Nxe5 16. dxe5 Be7 17. h4 Qc7 18. h5 h6 19. Bc1 Rad8 20. Bf4 Ba8 21. Qe2
c5 22. Bxa8 Rxa8 23. Rd3 Rad8 24. Rfd1 Rxd3 25. Rxd3 Rd8 26. Qd1 Rxd3 27. Qxd3
Qc6 28. f3 a6 29. a4 f5 30. exf6 Bxf6 31. Kg2 Kh8 32. Qg6 Bd4 33. Qe4 Qc8 34. g4
Bf6 35. Bd6 Qd7 36. Qa8+ Kh7 37. Qb8 Qc6 38. Qc7 Qe8 39. Qxb6 e5 40. Qb7 Qd8 41.
Qe4+ Kh8 42. Qd5 Qd7 43. Bxc5 Qc7 44. b4 Qc8 45. b5 axb5 46. cxb5 e4 47. b6
exf3+ 48. Kxf3 Qa6 49. b7 Qf1+ 50. Ke3 Qg1+ 51. Kd3 Qd1+ 52. Kc4 Qxa4+ 53. Bb4
Qa2+ 54. Kc5 Be7+ 55. Kc6 Qc2+ 56. Bc5 Qa4+ 57. Kc7 Qa5+ 58. Kc8 1-0

[Event "Titled Tue 20th May Early"]
[Site "chess.com INT"]
[Date "2025.05.20"]
[Round "5"]
[White "Korkmaz, Necmettin"]
[Black "Chiappero, Julio Alfredo"]
[Result "0-1"]
[WhiteTitle "CM"]
[BlackTitle "FM"]
[WhiteElo "2059"]
[BlackElo "2238"]
[WhiteFideId "6303285"]
[BlackFideId "139998"]
[EventDate "2025.05.20"]

1. e4 c5 2. Nc3 a6 3. g3 b5 4. d3 Bb7 5. Bg2 e6 6. Nh3 Nf6 7. O-O Qc7 8. f4 d6
9. Qe2 b4 10. Nd1 g6 11. e5 Nfd7 12. exd6 Bxd6 13. Ne3 O-O 14. Nc4 Nc6 15. c3
bxc3 16. bxc3 Rae8 17. Ng5 Be7 18. Ne4 Nf6 19. Ba3 Nxe4 20. Bxe4 Na5 21. Ne5
Bxe4 22. Qxe4 Bf6 23. Rab1 Rb8 24. d4 Be7 25. Kg2 Rfc8 26. d5 exd5 27. Qxd5 Bf8
28. Nd7 Rxb1 29. Rxb1 Bg7 30. Ne5 Rd8 31. Qxc5 Qxc5 32. Bxc5 Rd2+ 33. Kh3 Bxe5
34. fxe5 Nc6 35. Rb6 Nxe5 36. Bd4 Re2 37. Rxa6 h5 38. Ra8+ Kg7 39. Re8 f6 40.
Bxe5 fxe5 41. a4 Kf6 42. a5 Rc2 43. Rc8 Ra2 44. Rc6+ Kf5 45. Rc5 g5 46. g4+
hxg4+ 47. Kg3 Ra3 48. Kg2 Kf4 49. Rc4+ e4 50. Rc5 Ra2+ 51. Kg1 e3 52. Rc8 Kf3
53. Rf8+ Ke4 54. c4 Kd3 55. c5 e2 56. Rd8+ Ke3 57. Re8+ Kd2 58. Rd8+ Ke1 59. c6
Rxa5 60. c7 Rf5 61. c8=Q Rf1+ 62. Kg2 Rf2+ 63. Kg3 Kf1 64. Qc4 Rg2# 0-1

[Event "Titled Tue 20th May Early"]
[Site "chess.com INT"]
[Date "2025.05.20"]
[Round "5"]
[White "Kozak, Antoni"]
[Black "Kavutskiy, Kostya"]
[Result "1-0"]
[BlackTitle "IM"]
[WhiteElo "2426"]
[BlackElo "2356"]
[WhiteFideId "21832030"]
[BlackFideId "2026384"]
[EventDate "2025.05.20"]

1. d4 Nf6 2. c4 g6 3. e3 Bg7 4. g3 O-O 5. Bg2 d6 6. Nc3 Nc6 7. Nge2 e5 8. h3 Re8
9. b3 h5 10. Bb2 Bf5 11. Qd2 Qd7 12. a3 exd4 13. exd4 Ne4 14. Nxe4 Bxe4 15. O-O
Bxg2 16. Kxg2 d5 17. c5 Re4 18. f3 Re7 19. b4 a6 20. Nf4 Rae8 21. Rae1 Rxe1 22.
Rxe1 Rxe1 23. Qxe1 Bxd4 24. Bxd4 Nxd4 25. Qe5 Nf5 26. Kf2 c6 27. g4 hxg4 28.
hxg4 Ng7 29. Qb8+ Kh7 30. Qd6 Qe8 31. Nd3 Ne6 32. Ne5 Kg7 33. Nd7 Nf8 34. Qf6+
Kg8 35. Nxf8 Qxf8 36. Qe5 Qd8 37. Ke3 a5 38. Kd4 axb4 39. axb4 Kh7 40. Qh2+ Kg7
41. Kd3 Qf6 42. f4 Qa1 43. f5 Qb1+ 44. Kc3 Qe1+ 45. Kb3 Qd1+ 46. Ka3 Qxg4 47.
Qe5+ Kh7 48. f6 Qf3+ 49. Ka4 Qf5 50. Qc7 Qxf6 51. Qxb7 g5 52. b5 Qa1+ 53. Kb4
Qb2+ 54. Ka5 Qa3+ 55. Kb6 cxb5 56. Qxf7+ Kh6 57. Qe6+ Kh5 58. c6 d4 59. c7 d3
60. c8=Q 1-0

[Event "Titled Tue 20th May Early"]
[Site "chess.com INT"]
[Date "2025.05.20"]
[Round "5"]
[White "Wijerathna, Vinuka Dihain"]
[Black "Iskusnyh, Sergei"]
[Result "1-0"]
[WhiteTitle "CM"]
[BlackTitle "GM"]
[WhiteElo "2063"]
[BlackElo "2440"]
[WhiteFideId "29981905"]
[BlackFideId "4120027"]
[EventDate "2025.05.20"]

1. e4 e6 2. d4 d5 3. Nc3 Nf6 4. Bg5 dxe4 5. Nxe4 Nbd7 6. Nf3 h6 7. Bxf6 Nxf6 8.
Bd3 Nxe4 9. Bxe4 c5 10. Qe2 Qa5+ 11. c3 Be7 12. O-O O-O 13. Rfd1 cxd4 14. Rxd4
Bf6 15. Rd2 Rb8 16. Bc2 g6 17. Qe4 Kg7 18. Qf4 e5 19. Qe3 Be6 20. Rd6 Rfe8 21.
h4 h5 22. g3 Rbd8 23. Rad1 Rxd6 24. Rxd6 Qxa2 25. Ng5 Bxg5 26. hxg5 Bg4 27. Rd2
Qxb2 28. Be4 Qb6 29. Qxb6 axb6 30. Bxb7 Re7 31. Be4 Rc7 32. Rd6 Rc4 33. f3 b5
34. Rb6 Bd7 35. Rb7 Be6 36. Rxb5 Rxc3 37. Rxe5 Ra3 38. f4 Ra2 39. Bg2 Rb2 40.
Rc5 Rb1+ 41. Kh2 Bf5 42. Bd5 Rb2+ 43. Kg1 Rd2 44. Bb3 Rd3 45. Bc4 Rxg3+ 46. Kf2
Rc3 47. Rc6 Rc2+ 48. Ke3 Be6 49. Bb5 Rb2 50. Bc4 Rg2 51. Bxe6 fxe6 52. Rc7+ 1-0

[Event "Titled Tue 20th May Early"]
[Site "chess.com INT"]
[Date "2025.05.20"]
[Round "5"]
[White "Mizzi, Jack"]
[Black "Vasquez Schroeder, Rodrigo"]
[Result "1-0"]
[WhiteTitle "CM"]
[BlackTitle "GM"]
[WhiteElo "2086"]
[BlackElo "2446"]
[WhiteFideId "5602521"]
[BlackFideId "3400042"]
[EventDate "2025.05.20"]

1. d4 d5 2. c4 c6 3. Nf3 Nf6 4. Nbd2 Bf5 5. Nh4 Be4 6. e3 e6 7. Be2 Nbd7 8. O-O
h6 9. Nhf3 Bh7 10. b3 Bd6 11. Bb2 Qc7 12. Rc1 O-O 13. c5 Be7 14. b4 a5 15. b5
cxb5 16. Bxb5 Nb8 17. Ne5 Nc6 18. Bxc6 bxc6 19. Qa4 Rfc8 20. f4 Ne4 21. Nxe4
Bxe4 22. Bc3 f6 23. Nf3 Bd3 24. Rfe1 Rcb8 25. Qd1 Bf5 26. Nd2 a4 27. g3 Qb7 28.
e4 dxe4 29. Nxe4 Qd7 30. g4 Bg6 31. Ng3 Bd8 32. Qe2 Bf7 33. f5 exf5 34. Nxf5 Bc7
35. Qe7 Rd8 36. Qxd7 Rxd7 37. Re7 Rad8 38. a3 Kf8 39. Rxd7 Rxd7 40. h4 h5 41. g5
fxg5 42. hxg5 Bf4 43. Rb1 g6 44. Nd6 Bd5 45. Rf1 Re7 46. Rxf4+ Kg7 47. Ba5 Re3
48. Bd8 Rxa3 49. Ne8+ Kh8 50. Rf8+ Kh7 51. Bf6 Bg8 52. Be5 Ra1+ 53. Kf2 Ra2+ 54.
Ke1 h4 55. Nf6+ Kg7 56. Rxg8+ Kf7 57. Rh8 a3 58. Rxh4 Ke6 59. Rh8 Rg2 60. Ra8 a2
61. Kf1 Rc2 62. Bf4 Kf5 63. Be3 Rb2 64. d5 cxd5 65. Nxd5 Ke4 66. Nc3+ Kd3 67.
Rxa2 Rb3 68. Nd1 Rb1 69. Rd2+ Ke4 70. c6 Rb8 71. Rc2 Rc8 72. Ke2 Kd5 73. c7 Kd6
74. Bf4+ Kd7 75. Ne3 Re8 76. Rd2+ Kc8 77. Rd8+ Rxd8 78. cxd8=Q+ Kxd8 79. Kd3 Kd7
80. Ke4 Ke6 81. Nd5 Kf7 82. Ke5 Kg7 83. Ke6 Kg8 84. Kf6 Kh7 85. Kf7 Kh8 86. Kxg6
Kg8 87. Kh6 1-0